| 000 | 00627nam a22001817a 4500 | ||
|---|---|---|---|
| 005 | 20251108164310.0 | ||
| 008 | 250721s1994 xx 000 0 ara d | ||
| 082 | 1 | 4 | _a811.6/متن |
| 100 | 1 | _aالمتنبي، أبو الطيب أحمد بن الحسين الكوفي | |
| 245 | 1 | 0 | _aديوان شيخ شعراء العربية أبي الطيب المتنبي / |
| 264 | 1 |
_aالقاهرة : _bمكتبة مصر، _c1994. |
|
| 300 | _a432ص | ||
| 650 | 1 | 7 | _aالعصر العباسي |
| 650 | 1 | 7 | _aالشعر العربي |
| 700 | 1 |
_aالخفاجي، عبد المعنم _eتحقيق |
|
| 942 |
_2ddc _cBK |
||
| 999 |
_c8727 _d8727 |
||